| 000 | 00466nam a22001577a 4500 | ||
|---|---|---|---|
| 005 | 20251108175213.0 | ||
| 008 | 250721s1994 xx 000 0 ara d | ||
| 082 | 1 | 4 | _aق/نعو |
| 100 | 1 | _aنعوم، نبيل | |
| 245 | 1 | 0 | _aالعودة إلى المعبد : رواية / |
| 264 | 1 |
_aبيروت _ لبنان : _bدار الادب _ بيروت، _c1994. |
|
| 300 | _a143ص | ||
| 650 | 1 | 7 | _aالروايات العربية |
| 942 |
_2ddc _cBK |
||
| 999 |
_c128629 _d128629 |
||